| 000 | 00961nam a2200241 a 4500 | ||
|---|---|---|---|
| 001 | 54548 | ||
| 003 | BD-RjUL | ||
| 005 | 20211209080133.0 | ||
| 008 | 161107s1972 ii ||||| |||| 00| 0 ben d | ||
| 020 | _c : Tk.10.00 | ||
| 035 | _a(BD-RjUL)54670 | ||
| 040 |
_aBD-RjUL _bben _cBD-RjUL _dBD-RjUL |
||
| 041 | _aben | ||
| 082 |
_223 _a891.44109 _bBAM 1972 |
||
| 100 |
_aবসু, শঙ্করী প্রসাদ _9127704 |
||
| 245 | 1 | 0 |
_aমধ্যযুগের কবি ও কাব্য : _bবৈষ্ণব কবি ও কাব্য / _cশঙ্করী প্রসাদ বসু, |
| 250 | _a৫ম সং. | ||
| 260 |
_aকলিকাতা : _bজেনারেল, _c১৯৭২ |
||
| 300 |
_a[১২], ২৬৮ পৃ. ; _c২১ সেমি. |
||
| 650 |
_aবাংলা কবিতা _vইতিহাস ও সমালোচনা _9117724 |
||
| 650 |
_aBengali poetry _vHistory and criticism _9117725 |
||
| 942 |
_2ddc _cBK |
||
| 999 |
_c54548 _d54548 |
||